01683cam a22003734i 4500003000900000005001700009008004100026020001500067035002700082040003300109082002200142100002900164245004100193264003400234300003800268336002100306337002500327338002300352490002700375504002800402505073700430526001001167526001001177526001001187526001001197526000801207526000801215526000801223526000801231526000801239526000801247526000801255630004601263PE-LiUPU20250731172940.0150623s r 000 0 d a0385012594 a(Sirsi) i9780385012591 aPE-LiUPUbspacPE-LiUPUerda04a220.7bAB19652211 aMyers, Jacob M.,eautor.10aI Chronicles.n12 /cJacob M. Myers. 1aNew York :bDoubleday,c1965. a239 páginas ;c24 centímetros atext2rdacontent aunmediated2rdamedia avolume2rdacarrier0 aThe Anchor Bible ;v12 aIncluye bibliografía.0 aGenealogical lists from Adam to Israel. - The line Judah. - The line of David. - Southern tribal lists. - The citizens of Jerusalem and Its environs. - The death of Saul. - David's rise power. - David's might men. - David's plan for a second attempt to move the ark to Jerusalem. - David's desire to build the temple meets with Yahweh's disapprobal. - David's punished for taking the temple. His charge to Solomonfor Its contruction. - Preparation for the temple: Classification for the levites. - Preparations for the temple: Classification of the priests and the other levites. - Preparation for the temple: Classification of the musicians. - Praparation for the temple: Classification of the Gatekeepers and treasury officials. aSEG42 aSEG41 aSEG40 aSEG39 aP94 aP87 aP86 aP85 aP77 aP76 aP35 aBiblia.pA.T.pCrónicas IxComentarios.